| 000 | 00804cam a2200253 a 4500 | ||
|---|---|---|---|
| 001 | 16447806 | ||
| 005 | 20180302070306.0 | ||
| 008 | 100907s2012 maua b 001 0 eng | ||
| 010 | _a 2010936409 | ||
| 020 | _a9780312594343 (pbk. student ed. : alk. paper) | ||
| 020 | _a0312594348 (pbk. student ed. : alk. paper | ||
| 040 |
_aDLC _cDLC _dDLC |
||
| 041 | _aeng | ||
| 042 | _apcc | ||
| 080 | _a808 | ||
| 082 | 0 | 0 |
_a808 MEY _223 |
| 100 | _a25 | ||
| 101 | _aEDE | ||
| 245 | 0 | 4 |
_aThe compact Bedford introduction to literature : _c[compiled by] Michael Meyer. |
| 504 | _aIncludes bibliographical references and indexes. | ||
| 906 |
_a7 _bcbc _corignew _d2 _eepcn _f20 _gy-gencatlg |
||
| 942 |
_2ddc _cBK |
||
| 999 |
_c44022 _d44022 |
||